[Event "First Saturday IM Oct 2013"]
[Site "Budapest"]
[Date "2013.10.11"]
[Round "6.3"]
[White "Lyell, Mark"]
[Black "Kulkarni, Bhakti"]
[Result "1/2-1/2"]
[WhiteElo "2259"]
[BlackElo "2291"]
[PlyCount "105"]
[EventDate "2013.10.05"]

1. e4 d5 2. exd5 Qxd5 3. Nf3 Nf6 4. d4 Bg4 5. Be2 e6 6. h3 Bh5 7. c4 Qd8 8. Qb3
Qc8 9. Nc3 Be7 10. Bf4 a6 11. O-O Nbd7 12. Rfe1 O-O 13. a4 Rd8 14. a5 Bd6 15.
Be5 Nb8 16. c5 Be7 17. g4 Bg6 18. Bc4 c6 19. Na4 Nbd7 20. Nb6 Nxb6 21. axb6 Rd7
22. Bxf6 Bxf6 23. Rad1 Qd8 24. Qe3 h6 25. Ne5 Bxe5 26. Qxe5 Qf6 27. Qxf6 gxf6
28. Re3 Rad8 29. f3 Rxd4 30. Rxd4 Rxd4 31. Be2 Kf8 32. Rb3 Ra4 33. Kf2 Ke7 34.
Ke3 Kd7 35. Ra3 Rxa3+ 36. bxa3 Bc2 37. Bc4 Ba4 38. Kf4 Bb5 39. Bb3 Ke7 40. Kg3
Bd3 41. Kh4 Be2 42. f4 Bd3 43. Bd1 e5 44. f5 Kf8 45. Kg3 Kg7 46. Kf3 Bc4 47.
Ke3 Kf8 48. Bf3 Bb5 49. Be4 Ke7 50. Kf3 Kd7 51. h4 Bc4 52. Ke3 Bb3 53. h5
1/2-1/2

[Event "First Saturday IM Oct 2013"]
[Site "Budapest"]
[Date "2013.10.11"]
[Round "6.4"]
[White "Havasi, Gergo"]
[Black "Nitish, Belurkar"]
[Result "1-0"]
[WhiteElo "2172"]
[BlackElo "1903"]
[PlyCount "71"]
[EventDate "2013.10.05"]

1. e4 d5 2. exd5 Nf6 3. Nf3 Qxd5 4. Nc3 Qd8 5. g3 Bg4 6. h3 Bh5 7. Bg2 Nc6 8.
O-O e6 9. g4 Bg6 10. Nh4 Be7 11. Nxg6 hxg6 12. Re1 a6 13. Ne2 Qd6 14. d4 O-O-O
15. c3 Nd5 16. c4 Nf6 17. Be3 Nh7 18. Bf4 Qd7 19. d5 exd5 20. cxd5 Nb8 21. Rc1
Bd6 22. Be3 f5 23. Nd4 f4 24. Bd2 Ng5 25. Qb3 Rde8 26. Ne6 Nxe6 27. dxe6 Qb5
28. Qc3 Re7 29. Re4 Rhe8 30. Bxf4 Bxf4 31. Rxf4 Qb6 32. Rb4 Qxe6 33. Bxb7+ Kd8
34. Bg2 Kc8 35. Qd4 Qe5 36. Bb7# 1-0

[Event "First Saturday IM Oct 2013"]
[Site "Budapest"]
[Date "2013.10.12"]
[Round "7.1"]
[White "Szalanczy, Emil"]
[Black "Szeberenyi, Adam"]
[Result "1/2-1/2"]
[WhiteElo "2261"]
[BlackElo "2328"]
[PlyCount "31"]
[EventDate "2013.10.05"]

1. Nf3 c5 2. c4 Nc6 3. Nc3 g6 4. g3 Bg7 5. Bg2 e5 6. O-O Nge7 7. d3 O-O 8. Ne1
d6 9. Nc2 Be6 10. Ne3 Rb8 11. a3 a5 12. Rb1 Qd7 13. Ned5 b6 14. Nxe7+ Nxe7 15.
b4 axb4 16. axb4 1/2-1/2

[Event "First Saturday IM Oct 2013"]
[Site "Budapest"]
[Date "2013.10.12"]
[Round "7.2"]
[White "Nitish, Belurkar"]
[Black "Balint, Vilmos"]
[Result "1-0"]
[WhiteElo "1903"]
[BlackElo "2248"]
[PlyCount "85"]
[EventDate "2013.10.05"]

1. e4 e5 2. Nf3 Nc6 3. Bc4 Nf6 4. Ng5 d5 5. exd5 Na5 6. Bb5+ c6 7. dxc6 bxc6 8.
Be2 h6 9. Nh3 Bc5 10. d3 Nd5 11. Bg4 f5 12. Bf3 O-O 13. O-O Qh4 14. Bd2 e4 15.
g3 Qf6 16. Bxa5 Qxb2 17. Nd2 exf3 18. Rb1 Qxa2 19. Nc4 Bd4 20. Rb3 f4 21. Nxf4
Nxf4 22. gxf4 Rxf4 23. Ra3 Qxa3 24. Nxa3 Bh3 25. Bc7 Rf7 26. Re1 Rxc7 27. Qxf3
Rf8 28. Qxh3 Bxf2+ 29. Kg2 Bxe1 30. Qe6+ Rcf7 31. Qxe1 Rf5 32. h4 Rf4 33. Nc4
g5 34. Qe6+ Kg7 35. Ne5 Rf2+ 36. Kh3 R8f6 37. Qd7+ Kg8 38. hxg5 hxg5 39. Kg3
Rf1 40. Qd8+ Kg7 41. Qc7+ Kg8 42. Qb8+ Rf8 43. Qxa7 1-0

[Event "First Saturday IM Oct 2013"]
[Site "Budapest"]
[Date "2013.10.12"]
[Round "7.4"]
[White "To, Nhat Minh"]
[Black "Lyell, Mark"]
[Result "1-0"]
[WhiteElo "2334"]
[BlackElo "2259"]
[PlyCount "131"]
[EventDate "2013.10.05"]

1. c4 e5 2. g3 Nc6 3. Nc3 f5 4. Nf3 Nf6 5. d4 e4 6. Nh4 g6 7. Bg5 Bb4 8. Qd2
O-O 9. Ng2 Ne7 10. Nf4 c6 11. a3 Bxc3 12. Qxc3 d5 13. h4 Qe8 14. h5 Nxh5 15.
Nxh5 gxh5 16. Bxe7 Qxe7 17. e3 Be6 18. Rc1 f4 19. gxf4 Bg4 20. Be2 Rf7 21. cxd5
cxd5 22. Qb3 Qe6 23. Bxg4 hxg4 24. Rh5 Rd8 25. Rc5 Rf5 26. Rxf5 Qxf5 27. Qxb7
g3 28. Qe7 Rb8 29. fxg3 Qh3 30. Qg5+ Kf8 31. Qf6+ Kg8 32. Qh4 Qxh4 33. gxh4
Rxb2 34. Rxd5 Rb3 35. Kd2 Rb2+ 36. Kc3 Re2 37. Rg5+ Kf7 38. d5 Rxe3+ 39. Kd4
Rxa3 40. Kxe4 Ra1 41. Rf5+ Ke7 42. Rh5 Kd6 43. Rh6+ Kc5 44. Rc6+ Kb5 45. Rc8
Re1+ 46. Kd4 Rd1+ 47. Ke5 Re1+ 48. Kf6 Rd1 49. Ke6 Re1+ 50. Kf7 Rd1 51. f5 Rxd5
52. Ke6 Rd1 53. f6 Re1+ 54. Kd6 Rf1 55. Ke7 Re1+ 56. Kf8 Rh1 57. f7 Rxh4 58.
Ke7 Rf4 59. f8=Q Rxf8 60. Rxf8 a5 61. Kd6 a4 62. Kd5 Kb4 63. Kd4 Kb3 64. Kd3 a3
65. Rb8+ Ka2 66. Kc2 1-0

[Event "First Saturday IM Oct 2013"]
[Site "Budapest"]
[Date "2013.10.12"]
[Round "7.5"]
[White "Kislik, Erik Andrew"]
[Black "Nguyen, Thi Mai Hung"]
[Result "0-1"]
[WhiteElo "2381"]
[BlackElo "2204"]
[PlyCount "54"]
[EventDate "2013.10.05"]

1. e4 c5 2. Nf3 Nc6 3. Bb5 e6 4. Bxc6 bxc6 5. d3 Ne7 6. Qe2 Ng6 7. h4 h5 8. e5
Be7 9. Qe4 Rb8 10. c4 d5 11. exd6 Qxd6 12. Nc3 O-O 13. Kd1 e5 14. Kc2 Rd8 15.
Qe2 Bg4 16. Ne4 Qd7 17. Qf1 f5 18. Ng3 e4 19. dxe4 f4 20. Qe2 fxg3 21. fxg3 Bf6
22. Rb1 Qc7 23. Be3 Qa5 24. a3 Ne5 25. Bf4 Qa4+ 26. b3 Qxa3 27. Rhc1 Nxf3 0-1

[Event "First Saturday IM Oct 2013"]
[Site "Budapest"]
[Date "2013.10.13"]
[Round "8.2"]
[White "Lyell, Mark"]
[Black "Kislik, Erik Andrew"]
[Result "0-1"]
[WhiteElo "2259"]
[BlackElo "2381"]
[PlyCount "82"]
[EventDate "2013.10.05"]

1. e4 e6 2. d4 d5 3. Nc3 Nf6 4. e5 Nfd7 5. f4 c5 6. Nf3 Nc6 7. Be3 cxd4 8. Nxd4
Bc5 9. Qd2 O-O 10. O-O-O a6 11. Qf2 Bxd4 12. Bxd4 b5 13. Bd3 Qa5 14. Kb1 Nxd4
15. Qxd4 b4 16. Ne2 Nc5 17. Nc1 Bd7 18. g4 Rfc8 19. f5 Nxd3 20. Qxd3 Rc4 21. f6
Rac8 22. Qe3 Rxg4 23. Rhg1 Rg6 24. Nd3 Qc7 25. Rd2 Qc4 26. b3 Qe4 27. Qf2 Bb5
28. Re1 Qg4 29. h3 Qg3 30. Nxb4 Qxf2 31. Rxf2 a5 32. Nd3 Bxd3 33. cxd3 Rg3 34.
Rc2 Rxc2 35. Kxc2 Rg2+ 36. Kc3 Rxa2 37. Rg1 g6 38. Rg4 h5 39. Rh4 Kh7 40. Rd4
g5 41. b4 Ra3+ 0-1

[Event "First Saturday IM Oct 2013"]
[Site "Budapest"]
[Date "2013.10.13"]
[Round "8.4"]
[White "Balint, Vilmos"]
[Black "Kulkarni, Bhakti"]
[Result "0-1"]
[WhiteElo "2248"]
[BlackElo "2291"]
[PlyCount "138"]
[EventDate "2013.10.05"]

1. e4 g6 2. d4 Bg7 3. Bc4 c6 4. Nc3 d6 5. Be3 Nf6 6. f3 d5 7. Bb3 dxe4 8. Qd2
exf3 9. Nxf3 O-O 10. h3 Nbd7 11. Bh6 Nb6 12. Bxg7 Kxg7 13. O-O-O Nbd5 14. Ne2
a5 15. c4 Ne4 16. Qe1 Ndf6 17. g4 a4 18. Bc2 Qa5 19. Nf4 Nd6 20. g5 Ng8 21. c5
Qxe1 22. Rhxe1 Nb5 23. d5 cxd5 24. Nxd5 Bxh3 25. Nb6 Rad8 26. Bxa4 Rxd1+ 27.
Rxd1 Nc7 28. Bd7 Ne6 29. b4 Bg4 30. Rd3 Nf4 31. Ra3 Bxd7 32. Nxd7 Rd8 33. Nde5
f6 34. gxf6+ exf6 35. Nc4 Nd3+ 36. Kb1 Nxb4 37. Rb3 Nc6 38. Rxb7+ Nge7 39. Na5
Rb8 40. Rxb8 Nxb8 41. Nd4 h5 42. c6 h4 43. c7 Na6 44. Nac6 Nc8 45. Ne6+ Kf7 46.
Ncd8+ Ke8 47. Nf4 Nxc7 48. Nc6 g5 49. Nh3 Ne6 50. Nf2 Kd7 51. Nb4 f5 52. Nbd3
Kd6 53. Kc1 Kd5 54. Kd2 Kd4 55. Ke2 Nb6 56. Kf3 g4+ 57. Nxg4 Kxd3 58. Ne5+ Kc3
59. a4 Nxa4 60. Nf7 Kd4 61. Nh6 Ng7 62. Nf7 Nc5 63. Kg2 f4 64. Ng5 Ke3 65. Kh3
Ne4 66. Nf7 Nf5 67. Ne5 f3 68. Kh2 f2 69. Ng4+ Ke2 0-1

[Event "First Saturday IM Oct 2013"]
[Site "Budapest"]
[Date "2013.10.13"]
[Round "8.5"]
[White "Szalanczy, Emil"]
[Black "Nitish, Belurkar"]
[Result "0-1"]
[WhiteElo "2261"]
[BlackElo "1903"]
[PlyCount "124"]
[EventDate "2013.10.05"]

1. e4 c5 2. Nf3 g6 3. d4 cxd4 4. Nxd4 Nf6 5. Nc3 Nc6 6. Be3 Bg7 7. Bc4 O-O 8.
Bb3 a5 9. a4 Ng4 10. Qxg4 Nxd4 11. Qh4 d6 12. Nd5 Re8 13. Bg5 Nc6 14. O-O-O Be6
15. Rd3 Rc8 16. Kb1 h5 17. Rhd1 Bxd5 18. Rxd5 Nb4 19. Rb5 Qc7 20. Bd2 Nc6 21.
Be3 Nb4 22. f3 Bxb2 23. Bb6 Qc6 24. Qf2 Bg7 25. Bd4 Bxd4 26. Rxd4 Qc3 27. Qd2
Qxd2 28. Rxd2 b6 29. Rxb6 Rb8 30. Rb5 Rec8 31. Kb2 Nc6 32. Ka3 Kf8 33. f4 Kg7
34. g3 Kf8 35. h4 Kg7 36. Rdd5 Kf8 37. c3 Kg7 38. Kb2 Kf8 39. f5 Ne5 40. fxg6
fxg6 41. Kc2 Nc6 42. Kd2 Ne5 43. Kc2 Nc6 44. Kb2 Ne5 45. Ba2 Ke8 46. Kc2 Nc6
47. Kd3 Ne5+ 48. Kd2 Kf8 49. c4 Ke8 50. Kc3 Nc6 51. Bb3 Kf8 52. Rg5 Kg7 53. g4
hxg4 54. h5 Ne5 55. hxg6 Rxb5 56. axb5 e6 57. b6 Kh6 58. b7 Rb8 59. g7 Kxg5 60.
c5 Kf6 61. cxd6 Kxg7 62. Kd4 Kf6 0-1

[Event "First Saturday IM Oct 2013"]
[Site "Budapest"]
[Date "2013.10.14"]
[Round "9.1"]
[White "Nitish, Belurkar"]
[Black "Szeberenyi, Adam"]
[Result "1/2-1/2"]
[WhiteElo "1903"]
[BlackElo "2328"]
[PlyCount "63"]
[EventDate "2013.10.05"]

1. d4 d5 2. Nf3 Bf5 3. e3 e6 4. Be2 Nc6 5. a3 Bd6 6. b3 Nf6 7. Bb2 Ne4 8. c4
O-O 9. O-O Qf6 10. Nc3 Nxc3 11. Bxc3 dxc4 12. bxc4 e5 13. d5 Ne7 14. c5 Bxc5
15. Bxe5 Qb6 16. Bd3 Bxd3 17. Qxd3 Qg6 18. Qxg6 hxg6 19. e4 f5 20. Ng5 fxe4 21.
Nxe4 Rf5 22. Bxc7 Nxd5 23. Nxc5 Nxc7 24. Nxb7 Rb8 25. Nd6 Rd5 26. Rfd1 Rxd1+
27. Rxd1 Rd8 28. Rd4 Kf8 29. Nf5 Rb8 30. Ne3 Rb3 31. a4 Ne6 32. Rc4 1/2-1/2

[Event "First Saturday IM Oct 2013"]
[Site "Budapest"]
[Date "2013.10.14"]
[Round "9.2"]
[White "Kulkarni, Bhakti"]
[Black "Szalanczy, Emil"]
[Result "1/2-1/2"]
[WhiteElo "2291"]
[BlackElo "2261"]
[PlyCount "101"]
[EventDate "2013.10.05"]

1. d4 c5 2. d5 e6 3. Nc3 d6 4. e4 exd5 5. Nxd5 Nf6 6. Bg5 Be7 7. Nxe7 Qxe7 8.
Bb5+ Bd7 9. Bxd7+ Nbxd7 10. Ne2 h6 11. Bxf6 Nxf6 12. f3 d5 13. exd5 O-O-O 14.
c4 Rhe8 15. Qc2 b5 16. b3 bxc4 17. bxc4 Qe5 18. Rb1 Rd7 19. Qb2 Rde7 20. Qxe5
Rxe5 21. Rb2 Nd7 22. Kf2 Re3 23. Rhb1 Ra3 24. Ng3 Ra4 25. Ne4 Ra6 26. Nc3 f5
27. Rb5 f4 28. a4 Re3 29. Rc1 Ne5 30. Rcb1 Rb6 31. Ne2 Rxb5 32. Rxb5 Nd3+ 33.
Kf1 g5 34. a5 a6 35. Rb6 Nb4 36. Rxh6 Ra3 37. Ke1 Ra1+ 38. Kd2 Ra2+ 39. Kd1 Nc2
40. Rxa6 Ne3+ 41. Ke1 Nxg2+ 42. Kf2 Ne3 43. h3 Nxc4 44. Rc6+ Kd7 45. Rxc5 Ne5
46. Rb5 Kd6 47. a6 Nd3+ 48. Kf1 Ra1+ 49. Kg2 Ne1+ 50. Kf2 Nd3+ 51. Kg2 1/2-1/2

[Event "First Saturday IM Oct 2013"]
[Site "Budapest"]
[Date "2013.10.14"]
[Round "9.4"]
[White "Kislik, Erik Andrew"]
[Black "Havasi, Gergo"]
[Result "0-1"]
[WhiteElo "2381"]
[BlackElo "2172"]
[PlyCount "68"]
[EventDate "2013.10.05"]

1. e4 c5 2. Nf3 d6 3. d4 cxd4 4. Nxd4 Nf6 5. Nc3 a6 6. Be3 e5 7. Nb3 Be7 8. f3
Be6 9. Qd2 O-O 10. O-O-O a5 11. a4 Nc6 12. g4 Nb4 13. Kb1 Rc8 14. g5 Nh5 15.
Rg1 g6 16. Qf2 d5 17. exd5 Rxc3 18. bxc3 Nxd5 19. Kb2 Qc7 20. c4 Nxe3 21. Qxe3
Rc8 22. Qa7 e4 23. fxe4 Qxh2 24. Rg2 Qe5+ 25. Qd4 Qc7 26. Qe3 Nf4 27. Rg3 Bf8
28. e5 Nd5 29. Qd4 Nb6 30. c5 Nd7 31. Re3 Nxc5 32. Rd2 Nxb3 33. cxb3 Qc1+ 34.
Ka2 Qa3+ 0-1

[Event "First Saturday IM Oct 2013"]
[Site "Budapest"]
[Date "2013.10.14"]
[Round "9.5"]
[White "Nguyen, Thi Mai Hung"]
[Black "Lyell, Mark"]
[Result "1-0"]
[WhiteElo "2204"]
[BlackElo "2259"]
[PlyCount "80"]
[EventDate "2013.10.05"]

1. d4 f5 2. Bf4 Nf6 3. e3 e6 4. Nf3 b6 5. h3 Bb7 6. Bd3 Nc6 7. c4 Bd6 8. Bxd6
cxd6 9. Nc3 O-O 10. O-O Rc8 11. Rc1 Qe7 12. Re1 Na5 13. b3 d5 14. cxd5 Nxd5 15.
Nxd5 Bxd5 16. e4 fxe4 17. Bxe4 Bxe4 18. Rxe4 Qa3 19. Ra1 Qb2 20. Re2 Qc3 21. d5
e5 22. Re3 Qb2 23. Re2 Qc3 24. Nxe5 d6 25. Ng4 Nb7 26. Qe1 h5 27. Ne3 Qf6 28.
Rd1 Nc5 29. Nc2 Rc7 30. Re8 Rcf7 31. Rxf8+ Rxf8 32. b4 Na6 33. a3 Nc7 34. Qe3
Re8 35. Qg3 Nb5 36. Kh2 h4 37. Qd3 Qxf2 38. Rg1 Qg3+ 39. Qxg3 hxg3+ 40. Kxg3
Re2 1-0